MDQL
is popping MORE tags! Check the
thread
!
Quizzes
Events
Quiz Creation
Community
Videos
Private Events
Remove Ads
Sign In
Join for FREE
Feedback
Dark Mode
Quiz Categories
Sports
Geography
Music
Movies
Television
Just For Fun
Miscellaneous
History
Literature
Language
Science
Gaming
Entertainment
Religion
Holiday
For Kids
Quiz Lab
Recent
Popular Today
Quiz Kudos Today
Editor Picks
Curator Picks
Quizzes by...
Day
Popularity
Type
Ratings
Length
Year
Community
Subscriptions
Recent Discussions
Orange Saloon
Badges
Playlists
Quests
Create
Leaderboards
Showdown
Live 5
Trivia Bingo
Activity
Puzzle Library
Sporcle Events
Private Events
Virtual Trivia
Globe League
Become a Host
Pub Owners
SporcleCon
Opinionation
Our Games
Videos
Blog
Mobile Apps
Partnerships
Remove Ads and Go Orange
Feedback
Music
Pop Music
The Beatles
Song
Album
Lyrics
Bands
Singers
Artist
Clip
Rock
Rap
Classical
Billboard
Country Music
Kpop
Taylor Swift
Music
Pop Music
The Beatles
Song
Album
Lyrics
Bands
Singers
Artist
Clip
Rock
Rap
Classical
Billboard
Country Music
Kpop
Taylor Swift
Random Quiz
Search Sporcle
×
Quiz Lab
Quiz Lab
Music
Kpop
Type answers based on single images at one time
Type answers based on single images at one time
Slideshow
Best Score? Go Orange.
Name 50 Kpop MVs 2017 Stats
Can you name these 50 music videos from 2017?
By
AnimeKpop1031
14m
50 Questions
928 Plays
928 Plays
928 Plays
Comments
Comments
Give Quiz Kudos
Give Quiz Kudos
-
- Ratings
hide this ad
No Peeking
Image is hidden before quiz starts
Image is hidden before quiz starts
Replay
Link that replays current quiz
Next Quiz
Link to next quiz in quiz playlist
You Got
0%
They Got
Avg Score
46%
Avg Friend Score
Upgrade to see
Score Distribution
Jump to the score distribution portion of the page
Score
0/50
Timer
14:00
0
Plays Today
% Correct
Ko Ko Bop
94%
Not Today
85%
Don't Wanna Cry
83.2%
Knock Knock
79.4%
Limitless
77.7%
Really Really
75.9%
Red Flavor
74.8%
Holiday
73.7%
Rumor
70.5%
Beautiful
69.3%
Fingertip
68.5%
I Don't Like Your Girlfriend
66.1%
Gashina
65.4%
Hobgoblin
65.2%
B-Day
63.7%
We Like
62.6%
Come Back Home
58.4%
Baby
57.4%
Dinosaur
55%
Happy
53.9%
I Wait
53.2%
Honeymoon
49.8%
Rain
47.4%
Whisper
47.4%
Why Don't You Know
46.9%
% Correct
Critical Beauty
43.1%
Good Night
40%
Sorry
39.5%
Easy Love
39%
Wannabe
38.4%
Camo
37.3%
I Got Love
36.6%
Young & Free
35.3%
Runner
32%
Age Gag
30.2%
Anti
28.1%
Eclipse
26.6%
Hwi Hwi
26.1%
Wind
25.1%
Only You
24.9%
Flame of Love
22.8%
Heyahe
21.1%
Mayday
20.6%
Touch
19.8%
ABC (Middle of the Night)
16.3%
Love Cherry Motion
15.6%
I'm Ready
14%
Anck Su Namum
12.2%
Circle's Dream
10.3%
I I YO
5.9%
Quiz Playlist
Details
Report
Send in Message
Add To Playlist
Slideshow:
Type answers based on single images at one time
No Peeking:
Image is hidden before quiz starts
Last Updated: Sep 14, 2017
Quiz Scoreboard
CHALLENGE
Sign Up to Join the Scoreboard
Show All
Scores
Hide
Comments
May contain spoilers
Recently Published
Two Season TV Shows II
by 123Four
Television
10m
Image Sorting: Flags VI
by Barbecue
Geography
2m
Find the 'City' Movie
by crazypaving
Movies
60s
More to Explore
Quiz From the Vault
Featured Blog Post
14 Easter Pick-up Lines to Find Eggs With
hide this ad
You Might Also Like...
Tags
Kpop Quiz
B.A.P
BTS
Exo
Kpop Quiz
mamamoo
Red Velvet
Today's Top Quizzes in Music
Browse Music
hide this ad
Today's Top Quizzes in Kpop
Browse Kpop
Top Contributed Quizzes in Music
1
5X2 Blitz: Bands II
2
5X2 Blitz: The Beatles
3
Taylor Swift All Songs (2024)
4
5X2 Blitz: Billboard
5
5X2 Blitz: Billboard II
6
5X2 Blitz: Album
7
5X2 Blitz: Singers
8
5X2 Blitz: Rock
9
Music Artist by Three 2010s hits
10
5X2 Blitz: Lyrics
Explore More
Trending Topics
Harry Potter
Anime
Marvel
Kpop
Disney
NBA
Crossword
Song
NFL
Soccer
The Office
WWE
Puzzle
Country
Pokémon
hide this ad
More By:
AnimeKpop1031
Quiz
Plays
Rating
Category
Featured
Created
Kpop Murder Mystery Logic Quiz
5,392
4.23
Music
Jun 1, 2017
Name 300 Kpop Idols
4,861
4.92
Music
Aug 12, 2017
Kpop Dance By GIF
3,682
4.27
Music
Apr 15, 2017
Kpop Group Fandom Names
3,235
4.70
Music
Jun 10, 2017
BTS Song By Dance
2,709
3.67
Music
Apr 28, 2017
Go to Creator's Profile
Score Distribution
Quiz Creator Spotlight
AnimeKpop1031
Follow
Send a Message
Quizzes Created
-
Created Quiz Play Count
-
More By This Creator
Popular Quizzes Today
1
Find the US States - No Outlines Minefield
2
Colored Red Africa Blitz
3
Find the 'City' Movie
4
5x2 Blitz: Bands
5
The Countries of the World
6
Find the Countries of Europe - No Outlines Minefield
7
Find the US States
8
US States
More Music Quizzes
Finish the Band
Published
Trending Quizzes
Colored Red Europe Blitz I
Colored Red Africa Blitz II
Colored Red Europe Blitz II
Colored Red Africa Blitz III
Colored Red Europe Blitz III
Recently Updated
How Do You Spell That?
pecheneg
Godzilla Movies
pecheneg
Grab Bag: 4-10 Letters
pecheneg
2024 March Madness Bracket
pecheneg
Famous TV Couples
Peacemaker
Champions League XIs: Real Madrid
pecheneg
Largest US Cities 1790-2010
pecheneg
Rides in Walt Disney World
pecheneg
Most Oscar Losses (Acting)
pecheneg
Beyoncé Albums
pecheneg
Trending Topics
NBA
Crossword
Kpop
Marvel
Disney
Harry Potter
Anime
Puzzle
The Office
WWE
Country
Soccer
Pokémon
Song
NFL
Your Account Isn't Verified!
In order to create a playlist on Sporcle, you need to verify the email address you used during registration. Go to your
Sporcle Settings
to finish the process.
Report this User
Report this user for behavior that violates our
Community Guidelines
.
Details:
Send Report
Go to the Sporcle.com Mobile Site →
Comments